Medical terminology for health professions / (Record no. 15211)
[ view plain ]
| 000 -LEADER | |
|---|---|
| fixed length control field | 00854cam a22002412 4500 |
| 001 - CONTROL NUMBER | |
| control field | 0000019686 |
| 005 - DATE AND TIME OF LATEST TRANSACTION | |
| control field | 20151217161148.0 |
| 008 - FIXED-LENGTH DATA ELEMENTS--GENERAL INFORMATION | |
| fixed length control field | 110120s xx 000 0 eng d |
| 020 ## - INTERNATIONAL STANDARD BOOK NUMBER | |
| International Standard Book Number | 1401860264 : |
| 040 ## - CATALOGING SOURCE | |
| Original cataloging agency | KABU |
| Transcribing agency | KABU |
| 100 1# - MAIN ENTRY--PERSONAL NAME | |
| Personal name | Ehrlich, Ann. |
| -- | 0000179561 |
| 245 10 - TITLE STATEMENT | |
| Title | Medical terminology for health professions / |
| Statement of responsibility, etc. | Ann Ehrlich and Carol L. Schroeder. |
| 250 ## - EDITION STATEMENT | |
| Edition statement | 5th ed. |
| 260 ## - PUBLICATION, DISTRIBUTION, ETC. (IMPRINT) | |
| Place of publication, distribution, etc. | New York : |
| Name of publisher, distributor, etc. | Thomson, |
| Date of publication, distribution, etc. | 2005. |
| 300 ## - PHYSICAL DESCRIPTION | |
| Extent | xxii, 602, [32]p. + |
| Accompanying material | 1 CD-ROM. |
| 650 #0 - SUBJECT ADDED ENTRY--TOPICAL TERM | |
| Topical term or geographic name as entry element | Medicine |
| Form subdivision | Programmed instruction |
| General subdivision | Terminology. |
| -- | 0000179562 |
| 700 1# - ADDED ENTRY--PERSONAL NAME | |
| Personal name | Schroeder, Carol L. |
| -- | 0000179563 |
| 852 1# - LOCATION | |
| -- | p5218 KES |
| 852 1# - LOCATION | |
| -- | p8694 KES |
| 852 1# - LOCATION | |
| -- | p5218 KES |
| 908 ## - PUT COMMAND PARAMETER (RLIN) | |
| Put command parameter | 110120 |
| 950 ## - LOCAL HOLDINGS (RLIN) | |
| -- | 1 |
| Withdrawn status | Lost status | Source of classification or shelving scheme | Not for loan | Home library | Current library | Date acquired | Total Checkouts | Full call number | Barcode | Date last seen | Price effective from | Koha item type | Copy number |
|---|---|---|---|---|---|---|---|---|---|---|---|---|---|
| Library of Congress Classification | Not For Loan | Kabarak, Main Campus | Kabarak, Main Campus | 17/12/2015 | R123 .E47 2005 c.3 | 21760 | 17/12/2015 | 17/12/2015 | Reference | ||||
| Library of Congress Classification | Not For Loan | Kabarak, Main Campus | Kabarak, Main Campus | 17/12/2015 | R123 .E47 2005 c.2 | 23066 | 17/12/2015 | 17/12/2015 | Reference | ||||
| Library of Congress Classification | Not For Loan | Kabarak, Main Campus | Kabarak, Main Campus | 05/04/2018 | R123 .E47 2005 c.3 | 024908 | 05/04/2018 | 05/04/2018 | General Collection | C. 4 | |||
| Library of Congress Classification | Not For Loan | Kabarak, Main Campus | Kabarak, Main Campus | 05/04/2018 | R123 .E47 2005 c.7 | 024900 | 10/02/2020 | 05/04/2018 | General Collection | C. 7 | |||
| Library of Congress Classification | Not For Loan | Kabarak, Main Campus | Kabarak, Main Campus | 05/04/2018 | R123 .E47 2005 c.5 | 024903 | 05/04/2018 | 05/04/2018 | General Collection | C. 5 | |||
| Library of Congress Classification | Not For Loan | Kabarak, Main Campus | Kabarak, Main Campus | 05/04/2018 | R123 .E47 2005 c.6 | 024902 | 05/04/2018 | 05/04/2018 | General Collection | C. 6 | |||
| Library of Congress Classification | Not For Loan | Kabarak, Main Campus | Kabarak, Main Campus | 05/04/2018 | R123 .E47 2005 c.8 | 024901 | 05/04/2018 | 05/04/2018 | General Collection | C. 8 |